Регионална библиотека "Любен Каравелов" - Русе

Що е империализъм (Запис номер 88450)

MARC детайли
000 -Лидер
Контролно поле с фиксирана дължина nam a22 a 4500
003 - Код на организацията, давaща контролен номер
Контролно поле BLK
005 - Дата и час на последна редакция
Контролно поле 20210331065332.0
008 - Елементи от данни с фиксирана дължина
fixed length control field 180408b bul|||||r ||||||| ||bul||
010 ## - Наследен системен номер
LC control number KNG00093115000
040 ## - Източник на каталожния запис
Идентификатор на билиотеката - собственик на записа BLK
041 ## - Код за език
Код за езика на текст/звукозапис или на отделно заглавие Български
Код за езика КДБФ Български
080 ## - УДК
Текстов определител УДК Империализъм. Империалистическа политика. Вж и 325.3
УДК код - определител по УДК 327.2
УДК - код + определител 327.2
100 1# - Редна дума - Автор
Автор Арзуманян, А.
Авторска отговорност първи автор
R(LIN) 33406
139 ## - Редно поле
Редна дума Арзуманян, А
245 10 - Сведения за заглавието
Заглавие Що е империализъм
Редно поле (дума) А Арзуманян; прев. от рус. Лазар Младенов.
257 ## - Страна на издаване
Страна на създаване/издаване СССР
260 ## - Област на издателските данни
Място на издаване, разпространение и проч. София
Име на издателя, разпространителя и проч. БКП
Година на издаване 1955
300 ## - Физическа характеристика
Страници 68 с.
Размери/Мащаб 20 см
380 ## - Жанр
Жанр Обществени науки
490 ## - СЕРИИ (Колекции)
Име на серия Популярна библиотека по марксизъм-ленинизъм
9 (RLIN) 205802
650 #4 - Допълнително описание по предмет – тема
Основно описание – тема или топоним Империализъм
9 (RLIN) 157098
650 #4 - Допълнително описание по предмет – тема
Основно описание – тема или топоним Марксизъм-ленинизъм
9 (RLIN) 250564
700 1# - Други автори (авторска отговорност)
Лично име Младенов, Лазар
Автороска отговорност (Описва отношението между автора и произведението) прев. от рус.
9 (RLIN) 367242
852 ## - Местоположение
Форматна сигнатура Цб 3.200.45524
856 4# - Електронен адрес и достъп
Електронен формат pdf - файл
856 4# - Електронен адрес и достъп
Електронен формат pdf - файл
999 ## - СИСТЕМНИ КОНТРОЛНИ НОМЕРА
Koha biblionumber 88450
Koha biblioitemnumber 88450
942 ## - АРТИКУЛИ
Вид на библиотечния материал Книги
Скрит в OPAC Не
Периодичен библиозапис Да
944 ## - СЪЗДАВАНЕ И РЕДАКЦИЯ на ЗАПИСА
Създаване/Редакция Създаване
Дата на регистрацията/редакция 28.03.2012
Служител, извършил регистрацията/редакцията Кети_Илиева
944 ## - СЪЗДАВАНЕ И РЕДАКЦИЯ на ЗАПИСА
Създаване/Редакция Редакция
Дата на регистрацията/редакция 2021-03-31
Служител, извършил регистрацията/редакцията К.Д.
999 ## - СИСТЕМНИ КОНТРОЛНИ НОМЕРА
Koha biblioitemnumber 88450
Наличности
Код за отписване Код за изгубен артикул Източник на класификационната схема Код за повреда Коз за рестрикции Код за отдаване Артикулен № Име на библиотеката - собственик Име на библиотеката, в която се намира в момента Статус (Текущо местоположение) Дата на вписване в системата Местоположение - отдел Цена в лева Инвентарен номер Систематично азбучна сигнатура Баркод Номер на екземпляра Цена в евро Служебна бележка Служебен тип на артикула
  Не е изгубен Universal Decimal Classification Не е повреден без рестрикции ползва се в читалня 143436 Регионална библиотека "Любен Каравелов" Русе Регионална библиотека "Любен Каравелов" Русе Хранилище 1955-01-01 Основен фонд - ползва се само за читалня 0.10 6195/55 Цб 3.210.45524 900000044228 1 0.05 Вид: Сф Дата: 01.01.1955 Книги
  Не е изгубен Universal Decimal Classification Не е повреден само за читалня ползва се в читалня 143437 Регионална библиотека "Любен Каравелов" Русе Регионална библиотека "Любен Каравелов" Русе Хранилище 1955-01-01 Основен фонд - ползва се само за читалня 0.10 7326/55 Цб 3.200.45524 900000043617 2 0.05 Вид: Сф Дата: 01.01.1955 Книги
Vip Innovations Ltd, Rousse, Bulgaria 2025